000 00305nam a22001337a 4500
008 170127b xxu||||| |||| 00| 0 eng d
020 _a9780683046137
041 _aeng
080 _a61
100 _a3
101 _aSHM
245 _aDICTIONARY DISEASE DIAGNOSIS AND THERAPY
_cKHAN, M.G
942 _2udc
_cBK
999 _c3860
_d3860